Statistics for NBA 2K18 Best Players By Position

Click here to take the quiz!

General Stats

  • This quiz has been taken 3,199 times
  • The average score is 27 of 50

Answer Stats

PositionPlayer% Correct
Point GuardStephen Curry94
99%
Small ForwardLeBron James97
96%
Small ForwardKevin Durant96
91%
Shooting GuardJames Harden95
89%
Point GuardRussell Westbrook94
89%
Point GuardKyrie Irving90
87%
Point GuardChris Paul91
84%
Power ForwardAnthony Davis94
81%
Small ForwardKawhi Leonard95
80%
Shooting GuardKlay Thompson90
80%
Point GuardDamian Lillard89
76%
Small ForwardGiannis Antetokounmpo91
75%
CenterJoel Embiid86
72%
Small ForwardPaul George91
71%
CenterDeMarcus Cousins92
70%
Power ForwardDraymond Green88
66%
CenterNikola Jokic88
65%
Point GuardJohn Wall90
64%
CenterKarl-Anthony Towns91
62%
Shooting GuardDeMar DeRozan89
59%
Shooting GuardJimmy Butler90
59%
Point GuardKyle Lowry87
59%
Power ForwardBlake Griffin87
55%
Shooting GuardBradley Beal87
52%
Small ForwardCarmelo Anthony84
51%
Point GuardKemba Walker86
50%
CenterDeAndre Jordan87
49%
Power ForwardKevin Love87
49%
Shooting GuardDevin Booker85
48%
Shooting GuardDwyane Wade82
48%
CenterMarc Gasol89
48%
Point GuardIsaiah Thomas89
47%
CenterRudy Gobert88
45%
CenterAndre Drummond85
44%
Shooting GuardC.J. McCollum86
42%
Power ForwardLaMarcus Aldridge85
41%
Point GuardMike Conley87
40%
Small ForwardAndrew Wiggins86
37%
Power ForwardKristaps Porzingis86
37%
Small ForwardGordon Hayward88
36%
Power ForwardDirk Nowitzki80
35%
Shooting GuardKhris Middleton81
34%
CenterHassan Whiteside87
31%
Power ForwardPaul Millsap87
31%
Power ForwardJabari Parker81
27%
CenterMyles Turner84
18%
Small ForwardHarrison Barnes81
15%
Power ForwardZach Randolph80
12%
Small ForwardDanilo Gallinari81
10%
Shooting GuardAvery Bradley83
9%

Score Distribution

Percentile by Number Answered

Percent of People with Each Score

Your Score History

You have not taken this quiz